[Event "GBR-ch 103th"]
[Site "Bournemouth"]
[Date "2016.08.05"]
[Round "11.39"]
[White "De Coverly, Roger D"]
[Black "Golding, James"]
[Result "1-0"]
[WhiteElo "2082"]
[BlackElo "1991"]
[PlyCount "91"]
[EventDate "2016.07.25"]
[EventType "swiss"]
[EventRounds "11"]
[EventCountry "GBR"]

1. e4 e5 2. Nf3 Nc6 3. Bb5 a6 4. Ba4 Nf6 5. O-O b5 6. Bb3 Bc5 7. Nxe5 Nxe5 8.
d4 Bxd4 9. Qxd4 d6 10. f4 Nc6 11. Qc3 Bb7 12. Nd2 O-O 13. e5 dxe5 14. fxe5 Nd4
15. Qd3 Ng4 16. Rf4 Nxb3 17. Nxb3 Qxd3 18. cxd3 Nxe5 19. Nc5 Bc6 20. Bd2 Rfd8
21. Rc1 Rd6 22. Ba5 Rg6 23. Rf2 Nf3+ 24. Kh1 Nh4 25. Ne4 Rd8 26. Bxc7 Rxd3 27.
Bg3 Re3 28. Nd6 Rge6 29. Rfc2 Bd7 30. Rc8+ Re8 31. Nxe8 Bxc8 32. Rxc8 g5 33.
Nd6+ Kg7 34. Bxh4 Rd3 35. Ne8+ Kg6 36. Bf2 Rd2 37. Rc6+ Kf5 38. Bg1 Rxb2 39.
Rxa6 h5 40. Nd6+ Kg4 41. Nxf7 h4 42. Ra3 Rb1 43. h3+ Kf4 44. Kh2 b4 45. Rf3+
Ke4 46. Nxg5+ 1-0

[Event "GBR-ch 103th"]
[Site "Bournemouth"]
[Date "2016.08.05"]
[Round "11.40"]
[White "Dilleigh, Stephen P"]
[Black "Grigoryan, Meri"]
[Result "1/2-1/2"]
[WhiteElo "2053"]
[BlackElo "1996"]
[PlyCount "73"]
[EventDate "2016.07.25"]
[EventType "swiss"]
[EventRounds "11"]
[EventCountry "GBR"]

1. Nf3 d5 2. d4 Bf5 3. c4 e6 4. Nc3 Nc6 5. cxd5 exd5 6. Bf4 Nf6 7. e3 a6 8. Be2
Bb4 9. O-O h6 10. h3 O-O 11. Qb3 Rb8 12. Ne5 Nxe5 13. Bxe5 Bxc3 14. Qxc3 Rc8
15. Bxf6 gxf6 16. Bf3 c6 17. Rfc1 Qd7 18. Qe1 Kh7 19. Kh2 Rg8 20. Qe2 Rg7 21.
Rg1 Rcg8 22. Rac1 Qd6+ 23. Kh1 Re8 24. a3 Kh8 25. Rcd1 Bc8 26. Qd3 f5 27. Rde1
Reg8 28. Bd1 Qf6 29. Qe2 Rg4 30. g3 R4g5 31. Qf3 h5 32. Qf4 R5g6 33. Kh2 Rh6
34. h4 Re8 35. Bc2 Rg6 36. f3 Reg8 37. Bd1 1/2-1/2

[Event "GBR-ch 103th"]
[Site "Bournemouth"]
[Date "2016.08.05"]
[Round "11.41"]
[White "Jina, Taran"]
[Black "Shepherd, Katherine M"]
[Result "1/2-1/2"]
[WhiteElo "1764"]
[BlackElo "1932"]
[PlyCount "105"]
[EventDate "2016.07.25"]
[EventType "swiss"]
[EventRounds "11"]
[EventCountry "GBR"]

1. Nf3 d5 2. g3 c6 3. Bg2 Bg4 4. Ne5 Be6 5. O-O Nd7 6. d4 Ngf6 7. b3 g6 8. Bb2
Bg7 9. h3 O-O 10. Nd2 Qc7 11. f4 h5 12. Rc1 Qa5 13. a3 Nxe5 14. dxe5 Ne4 15.
Nxe4 dxe4 16. Qd4 Qb6 17. Kh2 Bf5 18. Qc4 Qb5 19. Qxb5 cxb5 20. c4 Rfd8 21. Bc3
bxc4 22. bxc4 Rac8 23. Bb4 Bf8 24. Rc3 Rd4 25. Rfc1 e6 26. Bxf8 Kxf8 27. Kg1
Rcd8 28. Kf2 f6 29. h4 Rd2 30. Ke3 Bg4 31. R1c2 Rxc2 32. Rxc2 f5 33. Rd2 Rxd2
34. Kxd2 Ke7 35. Bf1 Kd7 36. Kc3 Kc6 37. Kb4 b6 38. Kb3 Kc5 39. Kc3 a6 40. e3
Bd1 41. Kd2 Ba4 42. Be2 Bb3 43. Kc3 Ba4 44. Kd2 Bc6 45. Bf1 Be8 46. Be2 Bc6 47.
Kc2 Bb7 48. Kd2 Bc8 49. Kc2 b5 50. Kc3 Bb7 51. Bf1 Bc6 52. Be2 Bd7 53. Bf1
1/2-1/2

[Event "GBR-ch 103th"]
[Site "Bournemouth"]
[Date "2016.08.05"]
[Round "11.42"]
[White "Modi, Shyam Jagdish"]
[Black "Davis, Lee"]
[Result "1-0"]
[WhiteElo "1655"]
[BlackElo "1946"]
[PlyCount "85"]
[EventDate "2016.07.25"]
[EventType "swiss"]
[EventRounds "11"]
[EventCountry "GBR"]

1. e4 g6 2. d4 d6 3. Nc3 Bg7 4. f4 Nf6 5. Nf3 O-O 6. e5 dxe5 7. fxe5 Nd5 8. Bc4
c6 9. O-O h6 10. Nxd5 cxd5 11. Bd3 Bg4 12. h3 Bxf3 13. Qxf3 Nc6 14. c3 Rc8 15.
Be3 Na5 16. h4 Nc4 17. Bc1 Qb6 18. Kh1 Qe6 19. b3 Na5 20. Bd2 h5 21. Rae1 Nc6
22. Rg1 Qg4 23. Qxg4 hxg4 24. Be2 e6 25. Bxg4 b5 26. b4 a5 27. a3 Ra8 28. Ra1
Ra7 29. Be2 Rb8 30. Rgb1 a4 31. g4 Rc7 32. Rd1 Kf8 33. h5 gxh5 34. gxh5 f5 35.
exf6 Bxf6 36. Rg1 Rh7 37. Raf1 Ke7 38. Rg6 Rf8 39. Rgxf6 Rxf6 40. Bg5 Rhh6 41.
Bxf6+ Rxf6 42. Rxf6 Kxf6 43. Bxb5 1-0